[Event "Ostrava op"]
[Site "Ostrava"]
[Date "2009.05.09"]
[Round "8"]
[White "Samu, Pavel"]
[Black "Novotny, Stanislav"]
[Result "1/2-1/2"]
[WhiteElo "1995"]
[BlackElo "1760"]
[PlyCount "45"]
[EventDate "2009.05.02"]
[EventType "swiss"]
[EventRounds "9"]
[EventCountry "CZE"]
[SourceTitle "EXT 2011"]
[Source "ChessBase"]
[SourceDate "2010.11.26"]
[SourceVersion "1"]
[SourceVersionDate "2010.11.26"]
[SourceQuality "1"]

1. e4 c5 2. Nf3 e6 3. d4 cxd4 4. Nxd4 a6 5. Bd3 Qc7 6. Qe2 Nc6 7. Nxc6 Qxc6 8. c4 Bc5 9. 0-0 d6 10. Bd2 Bd4 11. Bc3 Bxc3 12. Nxc3 Nf6 13. Kh1 b6 14. f4 Nd7 15. e5 Nc5 16. Bc2 Qc7 17. exd6 Qxd6 18. Rad1 Qe7 19. b4 Nd7 20. a3 0-0 21. Qe4 Nf6 22. Qxa8 Bb7 23. Qxf8+ 1/2-1/2

[Event "Ostrava SMP op"]
[Site "Ostrava"]
[Date "2006.04.30"]
[Round "2"]
[White "Samiec, Pavel"]
[Black "Novotny, Stanislav"]
[Result "1-0"]
[WhiteElo "1548"]
[BlackElo "1866"]
[PlyCount "67"]
[EventDate "2006.04.29"]
[EventType "swiss"]
[EventRounds "9"]
[EventCountry "CZE"]
[SourceTitle "EXT 2008"]
[Source "ChessBase"]
[SourceDate "2007.11.25"]
[SourceVersion "1"]
[SourceVersionDate "2007.11.25"]
[SourceQuality "1"]

1. e4 c5 2. c3 Nc6 3. d4 cxd4 4. cxd4 d5 5. e5 Qb6 6. Ne2 Bf5 7. Nbc3 e6 8. a3 Na5 9. Ng3 Bg6 10. Bb5+ Nc6 11. 0-0 a6 12. Bxc6+ Qxc6 13. Be3 b5 14. Rc1 Qb7 15. b4 Ne7 16. Nce2 Nc8 17. Nf4 Nb6 18. h4 Nc4 19. h5 Bf5 20. Nxf5 exf5 21. Qd3 Qd7 22. Rc2 a5 23. Bd2 axb4 24. Bxb4 Nxa3 25. Bxf8 Nxc2 26. Bxg7 Rg8 27. h6 Qc6 28. Nh5 Ke7 29. Qxf5 Qg6 30. Qh3 Rxg7 31. hxg7 Nxd4 32. Qh4+ Kd7 33. Nf6+ Ke6 34. Qxd4 1-0

[Event "Ostrava SME op-B"]
[Site "Ostrava"]
[Date "2005.05.05"]
[Round "6"]
[White "Novotny, Stanislav"]
[Black "Chlevistan, Jaromir"]
[Result "1-0"]
[WhiteElo "1850"]
[BlackElo "1610"]
[PlyCount "71"]
[EventDate "2005.04.30"]
[EventType "swiss"]
[EventRounds "9"]
[EventCountry "CZE"]
[SourceTitle "EXT 2007"]
[Source "ChessBase"]
[SourceDate "2006.11.23"]
[SourceVersion "1"]
[SourceVersionDate "2006.11.23"]
[SourceQuality "1"]

1. Nf3 Nf6 2. b3 d5 3. Bb2 e6 4. e3 Nbd7 5. Be2 Be7 6. 0-0 0-0 7. c4 c5 8. d4 dxc4 9. Bxc4 b6 10. Nbd2 Bb7 11. Qe2 Re8 12. Rad1 Qc8 13. Bd3 h6 14. Rc1 Qb8 15. Nc4 Ng4 16. e4 Ngf6 17. Rfd1 Rc8 18. dxc5 Bxc5 19. h3 Re8 20. Nce5 Nxe5 21. Bxe5 Bd6 22. Bxd6 Qxd6 23. e5 Bxf3 24. gxf3 Qe7 25. exf6 Qxf6 26. Qe4 g6 27. Rc7 Rec8 28. Rdc1 Qd8 29. Qf4 Rxc7 30. Rxc7 Qg5+ 31. Qxg5 hxg5 32. Be4 Rd8 33. Rxa7 Kg7 34. Bc6 Kf6 35. Rb7 Rd2 36. a4 1-0

[Event "Ostrava SME op-B"]
[Site "Ostrava"]
[Date "2005.05.02"]
[Round "3"]
[White "Balogh, Milan"]
[Black "Novotny, Stanislav"]
[Result "0-1"]
[WhiteElo "1640"]
[BlackElo "1850"]
[PlyCount "104"]
[EventDate "2005.04.30"]
[EventType "swiss"]
[EventRounds "9"]
[EventCountry "CZE"]
[SourceTitle "EXT 2007"]
[Source "ChessBase"]
[SourceDate "2006.11.23"]
[SourceVersion "1"]
[SourceVersionDate "2006.11.23"]
[SourceQuality "1"]

1. e4 c5 2. Nf3 e6 3. d4 cxd4 4. Nxd4 a6 5. Be2 Nf6 6. Bf3 Qc7 7. Nc3 Bb4 8. Bd2 Nc6 9. Nb3 Ne5 10. a3 Nxf3+ 11. Qxf3 Be7 12. 0-0 0-0 13. Rfe1 d6 14. Qg3 Nd7 15. Re2 Bf6 16. Rae1 b5 17. Bf4 Ne5 18. Nc1 Rd8 19. Nd3 Nxd3 20. Qxd3 Bb7 21. Qg3 Bxc3 22. bxc3 f6 23. Rd1 e5 24. Bc1 Rac8 25. Bb2 d5 26. exd5 Rxd5 27. Rxd5 Bxd5 28. Rd2 Bc4 29. f3 Re8 30. Qg4 Qc5+ 31. Kh1 Qe3 32. Rd1 Qe2 33. Qd7 Re7 34. Qd2 Re6 35. Qxe2 Bxe2 36. Rd2 Bc4 37. Bc1 e4 38. fxe4 Rxe4 39. Rd1 Re2 40. Rd8+ Kf7 41. Bd2 Rf2 42. g3 Rf1+ 43. Kg2 Ra1 44. Rd7+ Kg6 45. Ra7 Rxa3 46. Bf4 Rxc3 47. Rxa6 Rxc2+ 48. Kg1 b4 49. Rb6 b3 50. Be5 Kf5 51. Bd4 Kg4 52. Rc6 Kf3 0-1